<?xml version="1.0" encoding="UTF-8"?><?xml-stylesheet type="text/xsl" href="static/style.xsl"?><OAI-PMH xmlns="http://www.openarchives.org/OAI/2.0/" xmlns:xsi="http://www.w3.org/2001/XMLSchema-instance" xsi:schemaLocation="http://www.openarchives.org/OAI/2.0/ http://www.openarchives.org/OAI/2.0/OAI-PMH.xsd"><responseDate>2026-06-05T14:23:14Z</responseDate><request verb="GetRecord" identifier="oai:riuma.uma.es:10630/32054" metadataPrefix="marc">https://riuma.uma.es/rest/oai/request</request><GetRecord><record><header><identifier>oai:riuma.uma.es:10630/32054</identifier><datestamp>2026-02-03T12:29:51Z</datestamp><setSpec>com_10630_2254</setSpec><setSpec>col_10630_37959</setSpec></header><metadata><record xmlns="http://www.loc.gov/MARC21/slim" xmlns:dcterms="http://purl.org/dc/terms/" xmlns:doc="http://www.lyncode.com/xoai" xmlns:xsi="http://www.w3.org/2001/XMLSchema-instance" xsi:schemaLocation="http://www.loc.gov/MARC21/slim http://www.loc.gov/standards/marcxml/schema/MARC21slim.xsd">
   <leader>00925njm 22002777a 4500</leader>
   <datafield ind2=" " ind1=" " tag="042">
      <subfield code="a">dc</subfield>
   </datafield>
   <datafield ind2=" " ind1=" " tag="720">
      <subfield code="a">Villena-Alarcón, Eduardo Antonio</subfield>
      <subfield code="e">author</subfield>
   </datafield>
   <datafield ind2=" " ind1=" " tag="260">
      <subfield code="c">2024</subfield>
   </datafield>
   <datafield ind2=" " ind1=" " tag="520">
      <subfield code="a">La enseñanza superior se halla en un proceso de cambio que demanda la adopción de enfoques pedagógicos centrados en el estudiantado. Dentro de estas nuevas metodologías, la elaboración de podcasts contribuyen a la asimilación de los conocimientos teóricos pero también a la adquisición de competencias relacionadas con la capacidad de investigar, reflexionar y organizar las ideas. Del mismo modo, esta metodología subraya el rol esencial de los docentes como facilitadores claves en el proceso educativo cuya misión primordial consiste en catalizar el éxito académico de los estudiantes a través de una dinámica de enseñanza-aprendizaje colaboradora y de interacción. Con el interés de fomentar el aprendizaje activo dentro de la asignatura “Método Científico E Investigación En Comunicación", se presenta esta experiencia de aprendizaje basado en la realización de un podcast cuyo contenido versó acerca de la investigación científica en comunicación.</subfield>
   </datafield>
   <datafield ind1="8" ind2=" " tag="024">
      <subfield code="a">https://hdl.handle.net/10630/32054</subfield>
   </datafield>
   <datafield tag="653" ind2=" " ind1=" ">
      <subfield code="a">Innovaciones educativas</subfield>
   </datafield>
   <datafield tag="653" ind2=" " ind1=" ">
      <subfield code="a">Podcasting - Estudio y enseñanza</subfield>
   </datafield>
   <datafield ind2="0" ind1="0" tag="245">
      <subfield code="a">El podcast como herramienta para el aprendizaje activo de la investigación científica.</subfield>
   </datafield>
</record>
</metadata></record></GetRecord></OAI-PMH>